000 00990nas a22002651 4500
001 0000012687
005 20151217160929.0
008 090310c xxur p 0 0eng d
022 _a0850-3907
040 _aKABU
_cKABU
245 0 0 _aAfrica development = :
_bAfrique et development.
246 3 _aAfrique et development
260 _aDakar :
_bCouncil for the Development of Economic and Social Research in Africa.
300 _av :
_bill.
310 _aQuarterly,
362 0 _av. 1 - May 1976.
500 _aLibrary has: v. XIX, no. 4, 1994; v. XXVII, no. 3 & 4, 2002.
651 0 _aAfrica
_vPeriodicals
_xEconomic conditions
_y1960 -.
_@0000169579
651 0 _aAfrica
_vPeriodicals
_xSocial conditions
_y1960 -.
_@0000169580
710 2 _aCodesria.
_@0000169581
852 1 _9p500 KES
852 1 _9p500 KES
908 _a090310
950 _@1
999 _c14791
_d14791